Human development in south asia 1999 : (Record no. 343685)
[ view plain ]
| 000 -LEADER | |
|---|---|
| fixed length control field | 01106 a2200193 4500 |
| 020 ## - INTERNATIONAL STANDARD BOOK NUMBER | |
| International Standard Book Number | 0195793056 |
| 020 ## - INTERNATIONAL STANDARD BOOK NUMBER | |
| International Standard Book Number | 9780195793055 |
| 082 04 - DEWEY DECIMAL CLASSIFICATION NUMBER | |
| Classification number | 338 |
| 090 ## - LOCALLY ASSIGNED LC-TYPE CALL NUMBER (OCLC); LOCAL CALL NUMBER (RLIN) | |
| -- | 1155 |
| -- | 1155 |
| 100 1# - MAIN ENTRY--PERSONAL NAME | |
| Personal name | Haq, Mahbub ul. |
| 245 10 - TITLE STATEMENT | |
| Title | Human development in south asia 1999 : |
| Remainder of title | the crisis of governance / |
| Statement of responsibility, etc. | Mahbub ul Haq. |
| 260 ## - PUBLICATION, DISTRIBUTION, ETC. | |
| Place of publication, distribution, etc. | [S.l.] : |
| Name of publisher, distributor, etc. | Oxford University Press, USA, |
| Date of publication, distribution, etc. | 2000. |
| 300 ## - PHYSICAL DESCRIPTION | |
| Extent | 224 p. ; |
| Dimensions | 29 cm. |
| 500 ## - GENERAL NOTE | |
| General note | Hardcover. |
| 520 ## - SUMMARY, ETC. | |
| Summary, etc. | This volume analyzes governance issues from the perspective of political, economic, social and civic dimensions, provides an in-depth analysis of the phenomenon of corruption, and advocates a concrete and realistic reform agenda necessary for promoting "human governance" in the region. In this regard, the report introduces a new index that ranks countries based on their performance in the spheres of economic, political and civic governance. |
| 856 40 - ELECTRONIC LOCATION AND ACCESS | |
| Materials specified | Amazon.com |
| Uniform Resource Identifier | <a href="http://www.amazon.com/exec/obidos/ASIN/0195793056/chopaconline-20">http://www.amazon.com/exec/obidos/ASIN/0195793056/chopaconline-20</a> |
| 856 40 - ELECTRONIC LOCATION AND ACCESS | |
| Materials specified | Amazon customer reviews |
| Uniform Resource Identifier | <a href="http://www.chopac.org/cgi-bin/tools/azrev.pl?q=0195793056">http://www.chopac.org/cgi-bin/tools/azrev.pl?q=0195793056</a> |
| 942 ## - ADDED ENTRY ELEMENTS (KOHA) | |
| Institution code [OBSOLETE] | NBS |
| Koha item type | Book |
| Call number prefix | 354.052 HUM |
| Withdrawn status | Lost status | Damaged status | Not for loan | Permanent Location | Current Location | Date acquired | Total Checkouts | Full call number | Barcode | Date last seen | Date last checked out | Price effective from | Koha item type | Source of classification or shelving scheme | Collection code | Shelving location |
|---|---|---|---|---|---|---|---|---|---|---|---|---|---|---|---|---|
| Central Library (CL) | Central Library (CL) | 08/28/2013 | 1 | 354.052 HUM | NBS2808 | 11/23/2017 | 08/22/2017 | 08/28/2013 | Book | |||||||
| Central Library (CL) | Central Library (CL) | 08/09/2018 | 354.052 HAQ 1998 | NBSD-3031 | 08/09/2018 | 08/09/2018 | Book | General Stacks |
